Visualizzazione normale
Vista MARC
- Kampowski Stephan
di Personal Name
Records bibliografici associati: 1
001 - CONTROL NUMBER
- control field: 56518
003 - CONTROL NUMBER IDENTIFIER
- control field: IT-RoPau
005 - DATE AND TIME OF LATEST TRANSACTION
- control field: 20170614162157.0
008 - FIXED-LENGTH DATA ELEMENTS
- fixed length control field: 170614|| aca||aabn | a|a d
040 ## - CATALOGING SOURCE
- Original cataloging agency: IT-RoPau
- Transcribing agency: IT-RoPau
100 ## - HEADING--PERSONAL NAME
- Personal name: Kampowski Stephan
670 ## - SOURCE DATA FOUND
- Source citation: Work cat.: (IT-RoPau): Granados José 56200, Amoris laetitia. Accompagnare, discernere, integrare, 2016